Fast Typing NHL Teams - Statistics

General Stats
  • This quiz has been taken 22 times
  • The average score is 19 of 31
Answer Stats
Answer % Correct
Bruins
86%
Stars
81%
Wild
81%
Kings
76%
Canadiens
71%
Ducks
71%
Islanders
71%
Maple Leafs
71%
Oilers
71%
Penguins
71%
Flames
67%
Flyers
67%
Panthers
67%
Rangers
67%
Sharks
67%
Capitals
62%
Senators
62%
Blackhawks
57%
Hurricanes
57%
Jets
57%
Sabres
57%
Avalanche
52%
Canucks
52%
Coyotes
52%
Devils
52%
Red Wings
52%
Kraken
48%
Blue Jackets
43%
Golden Knights
43%
Predators
43%
Blues
33%
No matching quizzes found
Score Distribution
Percent of People with Each Score
Percentile by Number Answered
Your Score History
You have not taken this quiz